[Event "Montreal Elo"]
[Site "Montreal CAN"]
[Date "2005.09.25"]
[Round "9"]
[White "McDonough, Jonathan"]
[Black "Malek, Omid"]
[Result "1/2-1/2"]
[WhiteElo "2212"]
[BlackElo "2165"]
[PlyCount "74"]
[GameId "2160767910900201"]
[EventDate "2005.09.16"]
[EventType "tourn"]
[EventRounds "9"]
[EventCountry "CAN"]
[EventCategory "1"]
[SourceTitle "EXT 2007"]
[Source "ChessBase"]
[SourceDate "2006.11.23"]
[SourceVersion "1"]
[SourceVersionDate "2006.11.23"]
[SourceQuality "1"]

1. d4 d5 2. c4 e6 3. Nc3 c6 4. Nf3 Nf6 5. g3 dxc4 6. Bg2 b5 7. Ne5 Qb6 8. O-O Bb7 9. e4 Nbd7 10. Be3 c5 11. a4 a6 12. axb5 axb5 13. Rxa8+ Bxa8 14. Nxd7 Nxd7 15. d5 Ne5 16. f4 Nd3 17. e5 Bb7 18. f5 exd5 19. Nxd5 Bxd5 20. Bxd5 Nxe5 21. Bf4 Bd6 22. Re1 f6 23. Qh5+ Kd8 24. Bxe5 Bxe5 25. Ra1 Bb8 26. Be6 c3 27. bxc3 c4+ 28. Kf1 Rf8 29. Ra2 Qd6 30. Qxh7 Kc7 31. Qxg7+ Kb6 32. Re2 Qd1+ 33. Kf2 Bd6 34. Ra2 Ra8 35. Rxa8 Bc5+ 36. Kg2 Qe2+ 37. Kh3 Qh5+ 1/2-1/2

[Event "Montreal Elo"]
[Site "Montreal CAN"]
[Date "2005.09.25"]
[Round "9"]
[White "Robidas, Francois"]
[Black "Khassanov, Marat"]
[Result "1/2-1/2"]
[WhiteElo "2045"]
[BlackElo "2339"]
[PlyCount "49"]
[GameId "2160767910900202"]
[EventDate "2005.09.16"]
[EventType "tourn"]
[EventRounds "9"]
[EventCountry "CAN"]
[EventCategory "1"]
[SourceTitle "EXT 2007"]
[Source "ChessBase"]
[SourceDate "2006.11.23"]
[SourceVersion "1"]
[SourceVersionDate "2006.11.23"]
[SourceQuality "1"]

1. e4 c6 2. d4 d5 3. Nc3 g6 4. exd5 cxd5 5. Qf3 Nc6 6. Qxd5 Bf5 7. Bb5 Qxd5 8. Nxd5 O-O-O 9. Bxc6 bxc6 10. Ne3 Rxd4 11. Nxf5 gxf5 12. Be3 Rb4 13. O-O-O Bg7 14. c3 Rb7 15. Nf3 e6 16. Rd6 Rc7 17. Nd4 Ne7 18. Bg5 Bxd4 19. Rxd4 Nd5 20. c4 Rg8 21. Bd2 e5 22. Rh4 Nb6 23. g3 f6 24. b3 Rg4 25. Rxg4 1/2-1/2

[Event "Montreal Maitres-A"]
[Site "Montreal CAN"]
[Date "2005.10.14"]
[Round "1"]
[White "Bachand-Fleurent, Julien"]
[Black "Masse, Hugues"]
[Result "0-1"]
[WhiteElo "2244"]
[BlackElo "2213"]
[PlyCount "50"]
[GameId "2160767910834327"]
[EventDate "2005.10.14"]
[EventType "tourn"]
[EventRounds "5"]
[EventCountry "CAN"]
[SourceTitle "EXT 2009"]
[Source "ChessBase"]
[SourceDate "2008.11.26"]
[SourceVersion "1"]
[SourceVersionDate "2008.11.26"]
[SourceQuality "1"]

1. e4 e5 2. Nf3 Nc6 3. d4 exd4 4. Bc4 Nf6 5. e5 d5 6. Bb5 Ne4 7. Nxd4 Bd7 8. Bxc6 bxc6 9. O-O Bc5 10. Be3 O-O 11. f3 Ng5 12. c3 Bb6 13. Qd2 Ne6 14. f4 Nc5 15. b4 Ne4 16. Qd3 c5 17. bxc5 Nxc5 18. Qc2 f6 19. Nd2 fxe5 20. fxe5 Qe7 21. Bf4 Be8 22. Rf3 Bg6 23. Qc1 Bh5 24. Qf1 Bxf3 25. Qxf3 Ne6 0-1

[Event "Montreal Maitres-A"]
[Site "Montreal CAN"]
[Date "2005.10.14"]
[Round "1"]
[White "Bolduc, Steve"]
[Black "McDonough, Jonathan"]
[Result "0-1"]
[WhiteElo "2322"]
[BlackElo "2192"]
[PlyCount "78"]
[GameId "2160767910834328"]
[EventDate "2005.10.14"]
[EventType "tourn"]
[EventRounds "5"]
[EventCountry "CAN"]
[SourceTitle "EXT 2009"]
[Source "ChessBase"]
[SourceDate "2008.11.26"]
[SourceVersion "1"]
[SourceVersionDate "2008.11.26"]
[SourceQuality "1"]

1. d4 Nf6 2. c4 e5 3. dxe5 Ng4 4. Nf3 Nc6 5. e3 Ngxe5 6. Nxe5 Nxe5 7. Be2 g6 8. O-O Bg7 9. Nc3 O-O 10. Bd2 d6 11. Rc1 a5 12. Nd5 h5 13. Bc3 c6 14. Nf4 Qe7 15. Qd2 Be6 16. Nxe6 Qxe6 17. Rfd1 Rfd8 18. Bxa5 Rd7 19. a3 d5 20. Bb6 dxc4 21. Qb4 Rd5 22. Rxd5 cxd5 23. e4 Nd7 24. Be3 d4 25. Bxc4 Qxe4 26. Bd2 Ne5 27. f3 Qf5 28. Qxb7 Re8 29. Bb5 Re6 30. a4 Nd3 31. Rc8+ Kh7 32. Rc7 Qf4 33. Bxd3 Qxd2 34. Bf1 Re1 35. Re7 Rb1 36. f4 d3 37. Qe4 Qd1 38. h4 Qxf1+ 39. Kh2 d2 0-1

[Event "Montreal Maitres-A"]
[Site "Montreal CAN"]
[Date "2005.10.14"]
[Round "1"]
[White "Larochelle, Martial"]
[Black "Tremblay, Rejean"]
[Result "1-0"]
[WhiteElo "2143"]
[BlackElo "2198"]
[PlyCount "75"]
[GameId "2160767910834329"]
[EventDate "2005.10.14"]
[EventType "tourn"]
[EventRounds "5"]
[EventCountry "CAN"]
[SourceTitle "EXT 2009"]
[Source "ChessBase"]
[SourceDate "2008.11.26"]
[SourceVersion "1"]
[SourceVersionDate "2008.11.26"]
[SourceQuality "1"]

1. d4 Nf6 2. c4 g6 3. Nc3 Bg7 4. e4 d6 5. Be2 O-O 6. Nf3 e5 7. d5 a5 8. Bg5 h6 9. Bh4 Na6 10. Nd2 Bd7 11. O-O Qe8 12. b3 Nh7 13. a3 h5 14. f3 Bh6 15. Kh1 Be3 16. Qc2 f5 17. exf5 gxf5 18. Bd3 Nc5 19. b4 axb4 20. axb4 Rxa1 21. Rxa1 Na6 22. Rb1 Qg6 23. Nf1 Bb6 24. Na4 Bd4 25. c5 dxc5 26. Nxc5 Nxc5 27. bxc5 b6 28. cxb6 Bxb6 29. Be7 Re8 30. d6 cxd6 31. Rxb6 Rxe7 32. Qc7 Nf6 33. Rxd6 Rg7 34. Qd8+ Kh7 35. Ne3 e4 36. fxe4 fxe4 37. Rxf6 Qg5 38. Bxe4+ 1-0

[Event "Montreal Maitres-A"]
[Site "Montreal CAN"]
[Date "2005.10.15"]
[Round "2"]
[White "Bachand-Fleurent, Julien"]
[Black "Larochelle, Martial"]
[Result "0-1"]
[WhiteElo "2244"]
[BlackElo "2143"]
[PlyCount "106"]
[GameId "2160767910834330"]
[EventDate "2005.10.14"]
[EventType "tourn"]
[EventRounds "5"]
[EventCountry "CAN"]
[SourceTitle "EXT 2009"]
[Source "ChessBase"]
[SourceDate "2008.11.26"]
[SourceVersion "1"]
[SourceVersionDate "2008.11.26"]
[SourceQuality "1"]

1. e4 c5 2. Nc3 Nc6 3. g3 g6 4. Bg2 Bg7 5. d3 d6 6. Be3 e5 7. Qd2 Nge7 8. Bh6 O-O 9. h4 Bxh6 10. Qxh6 f6 11. Qd2 Nd4 12. Nd1 d5 13. c3 Ne6 14. Ne3 d4 15. Nd5 Nxd5 16. exd5 Nc7 17. c4 Ne8 18. Nh3 Nd6 19. O-O Bf5 20. f3 Bxh3 21. Bxh3 Nf5 22. Bxf5 gxf5 23. b4 cxb4 24. Qxb4 Qd7 25. Rab1 Rab8 26. Qb5 Qg7 27. Kh2 Kh8 28. c5 Rg8 29. Rg1 Qh6 30. c6 f4 31. c7 fxg3+ 32. Kh3 Rbc8 33. Qxb7 Qd2 34. Rb2 Qxd3 35. d6 Qf5+ 36. Kg2 Qe6 37. Qc6 f5 38. Rc1 e4 39. fxe4 f4 40. Rb3 Qh6 41. Rf3 Qxh4 42. Rh1 Qf6 43. Qd7 h6 44. Rc1 d3 45. Qb5 d2 46. Rh1 Qxd6 47. Rd3 f3+ 48. Kxf3 Rcf8+ 49. Ke2 Rf2+ 50. Kd1 Qf6 51. e5 g2 52. Rg1 Qf4 53. Qb3 Qg4+ 0-1

[Event "Montreal Maitres-A"]
[Site "Montreal CAN"]
[Date "2005.10.15"]
[Round "2"]
[White "Masse, Hugues"]
[Black "McDonough, Jonathan"]
[Result "1-0"]
[WhiteElo "2213"]
[BlackElo "2192"]
[PlyCount "79"]
[GameId "2160767910834331"]
[EventDate "2005.10.14"]
[EventType "tourn"]
[EventRounds "5"]
[EventCountry "CAN"]
[SourceTitle "EXT 2009"]
[Source "ChessBase"]
[SourceDate "2008.11.26"]
[SourceVersion "1"]
[SourceVersionDate "2008.11.26"]
[SourceQuality "1"]

1. d4 Nf6 2. c4 g6 3. Nc3 d5 4. Bf4 Bg7 5. e3 O-O 6. cxd5 e6 7. dxe6 Bxe6 8. Nf3 c5 9. Be2 Nc6 10. dxc5 Qa5 11. O-O Rfd8 12. Qa4 Qxc5 13. Rac1 Nh5 14. Bg5 f6 15. Bh4 g5 16. Bg3 Nxg3 17. hxg3 g4 18. Nb5 Qb6 19. Nfd4 Bd7 20. Qb3+ Kh8 21. Nd6 Qxb3 22. Nxb3 Be6 23. Nxb7 Rdb8 24. N7c5 Bxb3 25. axb3 Ne5 26. Bc4 Nxc4 27. Rxc4 f5 28. Rd1 Rd8 29. Rxd8+ Rxd8 30. Ne6 Rb8 31. Nxg7 Kxg7 32. b4 Rd8 33. Rd4 Rc8 34. Kf1 Rc2 35. Rd7+ Kf6 36. Rxa7 Rxb2 37. Rxh7 Rxb4 38. Rd7 Rb1+ 39. Ke2 Rg1 40. Rd1 1-0

[Event "Montreal Maitres-A"]
[Site "Montreal CAN"]
[Date "2005.10.15"]
[Round "2"]
[White "Tremblay, Rejean"]
[Black "Bolduc, Steve"]
[Result "1-0"]
[WhiteElo "2198"]
[BlackElo "2322"]
[PlyCount "147"]
[GameId "2160767910834332"]
[EventDate "2005.10.14"]
[EventType "tourn"]
[EventRounds "5"]
[EventCountry "CAN"]
[SourceTitle "EXT 2009"]
[Source "ChessBase"]
[SourceDate "2008.11.26"]
[SourceVersion "1"]
[SourceVersionDate "2008.11.26"]
[SourceQuality "1"]

1. d4 Nf6 2. c4 e6 3. Nc3 Bb4 4. Qc2 c5 5. dxc5 Na6 6. a3 Qa5 7. Bd2 Nxc5 8. Rd1 Bxc3 9. Bxc3 Qa4 10. Qxa4 Nxa4 11. Bxf6 gxf6 12. b3 Nc5 13. b4 Na4 14. e3 b6 15. Ne2 Ba6 16. Nd4 Rc8 17. b5 Bb7 18. f3 Ke7 19. Kd2 Rc7 20. Rb1 Rd8 21. Bd3 Nc5 22. Bc2 h5 23. Ke2 d6 24. Rhc1 Nd7 25. Bb3 f5 26. Rc2 Kf6 27. Kf2 Rdc8 28. Kg1 Ne5 29. Rbc1 h4 30. h3 Rg8 31. Kf1 Nd3 32. Rd1 Nc5 33. Ba2 e5 34. Ne2 Rd7 35. Rcd2 Ke7 36. Bb1 e4 37. f4 Nd3 38. Nd4 Kf6 39. Bxd3 exd3 40. Nc6 Rc8 41. Rxd3 Ke6 42. Nd4+ Kf6 43. Nc6 Ke6 44. Ne5 Rdd8 45. Rd4 Ke7 46. Nd3 Rg8 47. Ne1 Rg6 48. R1d2 Rcg8 49. a4 Re6 50. R4d3 Rg3 51. Re2 Re4 52. Rc3 Kd7 53. Nf3 d5 54. Rd2 f6 55. Kf2 Ke6 56. Nd4+ Kf7 57. Nxf5 d4 58. Nd6+ Ke7 59. Nxe4 dxc3 60. Nxc3 Rxg2+ 61. Ke1 Rg3 62. Nd5+ Bxd5 63. Rxd5 Rxe3+ 64. Kf2 Rxh3 65. c5 Ra3 66. c6 Rxa4 67. f5 a6 68. Rd7+ Ke8 69. Rb7 axb5 70. Rb8+ Ke7 71. c7 Rc4 72. c8=Q Rxc8 73. Rxc8 Kd6 74. Rh8 1-0

[Event "Montreal Maitres-A"]
[Site "Montreal CAN"]
[Date "2005.10.15"]
[Round "3"]
[White "Bolduc, Steve"]
[Black "Bachand-Fleurent, Julien"]
[Result "1/2-1/2"]
[WhiteElo "2322"]
[BlackElo "2244"]
[PlyCount "85"]
[GameId "2160767910834333"]
[EventDate "2005.10.14"]
[EventType "tourn"]
[EventRounds "5"]
[EventCountry "CAN"]
[SourceTitle "EXT 2009"]
[Source "ChessBase"]
[SourceDate "2008.11.26"]
[SourceVersion "1"]
[SourceVersionDate "2008.11.26"]
[SourceQuality "1"]

1. d4 d5 2. c4 c6 3. Nf3 e6 4. Nc3 dxc4 5. e4 b5 6. a4 Bb4 7. Be2 Bb7 8. O-O a6 9. e5 Nd7 10. Ne4 Qc7 11. Bd2 Be7 12. b3 c5 13. Nxc5 Nxc5 14. dxc5 Bxc5 15. axb5 axb5 16. Rxa8+ Bxa8 17. bxc4 b4 18. Bxb4 Ne7 19. Bxc5 Qxc5 20. Qd6 Qa7 21. Nd4 Nc8 22. Nb5 Nxd6 23. Nxa7 Nf5 24. Rd1 Ke7 25. g4 Nh4 26. f4 Ng2 27. Kf2 Nxf4 28. Bf3 Ng6 29. Bxa8 Rxa8 30. Nc6+ Ke8 31. Ke3 Ne7 32. Nxe7 Kxe7 33. Rb1 Ra7 34. g5 f6 35. exf6+ gxf6 36. gxf6+ Kxf6 37. Ke4 Ra2 38. h4 Rh2 39. Rf1+ Ke7 40. Rf4 Kd6 41. Kf3 Kc5 42. Re4 Rc2 43. Rxe6 1/2-1/2

[Event "Montreal Maitres-A"]
[Site "Montreal CAN"]
[Date "2005.10.15"]
[Round "3"]
[White "Larochelle, Martial"]
[Black "Masse, Hugues"]
[Result "1-0"]
[WhiteElo "2143"]
[BlackElo "2213"]
[PlyCount "57"]
[GameId "2160767910834334"]
[EventDate "2005.10.14"]
[EventType "tourn"]
[EventRounds "5"]
[EventCountry "CAN"]
[SourceTitle "EXT 2009"]
[Source "ChessBase"]
[SourceDate "2008.11.26"]
[SourceVersion "1"]
[SourceVersionDate "2008.11.26"]
[SourceQuality "1"]

1. d4 Nf6 2. c4 g6 3. Nc3 d5 4. Nf3 Bg7 5. Bg5 Ne4 6. cxd5 Nxg5 7. Nxg5 e6 8. Nf3 exd5 9. b4 Qd6 10. a3 O-O 11. e3 Bf5 12. Bd3 Bxd3 13. Qxd3 c6 14. O-O Nd7 15. a4 a5 16. bxa5 Rxa5 17. Rab1 Ra7 18. Rb3 Qe7 19. Rfb1 Nf6 20. Qc2 Ne8 21. e4 dxe4 22. Nxe4 Rxa4 23. Rxb7 Qa3 24. Nc5 Ra8 25. Nd7 Nd6 26. R7b3 Qa4 27. Nxf8 Rxf8 28. Qc5 Nf5 29. Ra3 1-0

[Event "Montreal Maitres-A"]
[Site "Montreal CAN"]
[Date "2005.10.15"]
[Round "3"]
[White "McDonough, Jonathan"]
[Black "Tremblay, Rejean"]
[Result "1-0"]
[WhiteElo "2192"]
[BlackElo "2198"]
[PlyCount "111"]
[GameId "2160767910834335"]
[EventDate "2005.10.14"]
[EventType "tourn"]
[EventRounds "5"]
[EventCountry "CAN"]
[SourceTitle "EXT 2009"]
[Source "ChessBase"]
[SourceDate "2008.11.26"]
[SourceVersion "1"]
[SourceVersionDate "2008.11.26"]
[SourceQuality "1"]

1. Nf3 Nf6 2. g3 g6 3. Bg2 Bg7 4. O-O O-O 5. c4 d6 6. d4 Nbd7 7. Nc3 e5 8. e4 c6 9. h3 Qb6 10. Re1 a5 11. c5 dxc5 12. dxe5 Ne8 13. Bg5 Nc7 14. Be7 Re8 15. Bd6 Ne6 16. Na4 Qa7 17. Rc1 b5 18. Nc3 Nd4 19. Nxd4 cxd4 20. Ne2 Nxe5 21. Bc5 Qd7 22. Bxd4 Ra6 23. b3 f6 24. f4 Nf7 25. Bc5 Nd8 26. Qc2 a4 27. b4 Qf7 28. a3 Nb7 29. Nd4 Bd7 30. Kh2 Rc8 31. e5 fxe5 32. fxe5 Nd8 33. Rf1 Qe8 34. Rce1 Ne6 35. Nxe6 Bxe6 36. Bd6 Qd7 37. Qc5 Bc4 38. Rf4 Qe6 39. Bf3 h5 40. Rc1 Bh6 41. Rfxc4 bxc4 42. Be2 Qf5 43. Bxc4+ Kh8 44. Bxa6 Bxc1 45. Bxc8 Qf1 46. Qxc6 h4 47. Qe8+ Kh7 48. Qe7+ Kg8 49. Be6+ Kh8 50. Qxh4+ Kg7 51. Qe7+ Kh6 52. Qf8+ Qxf8 53. Bxf8+ Kg5 54. h4+ Kh5 55. Kh3 g5 56. Bf7# 1-0

[Event "Montreal Maitres-A"]
[Site "Montreal CAN"]
[Date "2005.10.16"]
[Round "4"]
[White "Bachand-Fleurent, Julien"]
[Black "McDonough, Jonathan"]
[Result "0-1"]
[WhiteElo "2244"]
[BlackElo "2192"]
[PlyCount "48"]
[GameId "2160767910834336"]
[EventDate "2005.10.14"]
[EventType "tourn"]
[EventRounds "5"]
[EventCountry "CAN"]
[SourceTitle "EXT 2009"]
[Source "ChessBase"]
[SourceDate "2008.11.26"]
[SourceVersion "1"]
[SourceVersionDate "2008.11.26"]
[SourceQuality "1"]

1. e4 e6 2. d4 d5 3. Nc3 Bb4 4. e5 c5 5. a3 Bxc3+ 6. bxc3 Ne7 7. Qg4 Qc7 8. Qxg7 Rg8 9. Qxh7 cxd4 10. Ne2 Nbc6 11. f4 Bd7 12. Qd3 dxc3 13. Qxc3 Nf5 14. g4 d4 15. Qd3 Nh4 16. Qh7 Nf3+ 17. Kf2 O-O-O 18. Qh3 Na5 19. Bg2 Qxc2 20. Bxf3 Nb3 21. Bd2 Bc6 22. Bxc6 Nxa1 23. Rc1 Qxd2 24. Qf3 d3 0-1

[Event "Montreal Maitres-A"]
[Site "Montreal CAN"]
[Date "2005.10.16"]
[Round "4"]
[White "Larochelle, Martial"]
[Black "Bolduc, Steve"]
[Result "0-1"]
[WhiteElo "2143"]
[BlackElo "2322"]
[PlyCount "140"]
[GameId "2160767910834337"]
[EventDate "2005.10.14"]
[EventType "tourn"]
[EventRounds "5"]
[EventCountry "CAN"]
[SourceTitle "EXT 2009"]
[Source "ChessBase"]
[SourceDate "2008.11.26"]
[SourceVersion "1"]
[SourceVersionDate "2008.11.26"]
[SourceQuality "1"]

1. Nf3 Nf6 2. c4 e6 3. Nc3 Bb4 4. Qc2 c5 5. a3 Ba5 6. e3 O-O 7. Be2 Nc6 8. O-O d6 9. d4 Qe7 10. Rd1 Bxc3 11. Qxc3 e5 12. Qc2 e4 13. Ne1 Bf5 14. b3 Bg6 15. Bb2 Rac8 16. Rd2 cxd4 17. Bxd4 Nxd4 18. Rxd4 d5 19. Qb2 dxc4 20. Rxc4 Rxc4 21. Bxc4 Ng4 22. Rd1 Qe5 23. Qxe5 Nxe5 24. Bd5 Rd8 25. Rd4 Nc6 26. Rd1 Kf8 27. b4 Ne5 28. Rd4 Rc8 29. f3 Rc1 30. Kf2 exf3 31. gxf3 b6 32. Be4 Ra1 33. Bxg6 hxg6 34. Nd3 Ra2+ 35. Kg3 Nc6 36. Rd6 Rxa3 37. e4 Ke7 38. e5 Rc3 39. Rd5 a6 40. b5 axb5 41. Nf4 Rc5 42. Rd6 Nxe5 43. Rxb6 g5 44. Rb7+ Kf6 45. Ne2 Rd5 46. f4 Rd3+ 47. Kg2 gxf4 48. Nxf4 Rd2+ 49. Kg3 Rb2 50. Nd5+ Kf5 51. Nc7 b4 52. Nd5 b3 53. Rb4 Ke6 54. Ne3 g6 55. Rb6+ Ke7 56. Rb5 Nc6 57. Rb7+ Kf8 58. Nc4 Rc2 59. Nd6 b2 60. Rxf7+ Kg8 61. Rb7 Nd4 62. Ne4 Re2 63. Kf4 Ne6+ 64. Kf3 Rxh2 65. Kg3 Rc2 66. Rd7 Kf8 67. Nf6 Rc3+ 68. Kg4 Rc4+ 69. Kg3 Rf4 70. Nh7+ Kg8 0-1

[Event "Montreal Maitres-A"]
[Site "Montreal CAN"]
[Date "2005.10.16"]
[Round "4"]
[White "Masse, Hugues"]
[Black "Tremblay, Rejean"]
[Result "1-0"]
[WhiteElo "2213"]
[BlackElo "2198"]
[PlyCount "85"]
[GameId "2160767910834338"]
[EventDate "2005.10.14"]
[EventType "tourn"]
[EventRounds "5"]
[EventCountry "CAN"]
[SourceTitle "EXT 2009"]
[Source "ChessBase"]
[SourceDate "2008.11.26"]
[SourceVersion "1"]
[SourceVersionDate "2008.11.26"]
[SourceQuality "1"]

1. d4 Nf6 2. c4 g6 3. Nc3 Bg7 4. e4 d6 5. Nf3 O-O 6. Be2 e5 7. Be3 Ng4 8. Bg5 f6 9. Bh4 Nc6 10. d5 Ne7 11. Nd2 f5 12. Bxg4 fxg4 13. Bg5 h6 14. Be3 g5 15. c5 Ng6 16. O-O Nh4 17. Nc4 Qd7 18. a4 Rf6 19. Rc1 b6 20. b4 bxc5 21. bxc5 Qf7 22. cxd6 cxd6 23. Nb5 Bf8 24. Nd2 Qh5 25. Nxa7 Bd7 26. Nc6 Re8 27. a5 Bg7 28. a6 Nf3+ 29. gxf3 gxf3 30. Kh1 Bh3 31. Rg1 Bg2+ 32. Rxg2 fxg2+ 33. Kxg2 g4 34. a7 Kh7 35. Nb8 Qh3+ 36. Kh1 h5 37. a8=Q Bh6 38. Qa7+ Kg6 39. Bxh6 Kxh6 40. Qe2 g3 41. Qee3+ Rf4 42. fxg3 Rg8 43. Rg1 1-0

[Event "Montreal Maitres-A"]
[Site "Montreal CAN"]
[Date "2005.10.16"]
[Round "5"]
[White "Bolduc, Steve"]
[Black "Masse, Hugues"]
[Result "0-1"]
[WhiteElo "2322"]
[BlackElo "2213"]
[PlyCount "80"]
[GameId "2160767910834339"]
[EventDate "2005.10.14"]
[EventType "tourn"]
[EventRounds "5"]
[EventCountry "CAN"]
[SourceTitle "EXT 2009"]
[Source "ChessBase"]
[SourceDate "2008.11.26"]
[SourceVersion "1"]
[SourceVersionDate "2008.11.26"]
[SourceQuality "1"]

1. d4 Nf6 2. c4 g6 3. Nc3 d5 4. cxd5 Nxd5 5. e4 Nxc3 6. bxc3 Bg7 7. Nf3 c5 8. Rb1 O-O 9. Be2 b6 10. O-O Bb7 11. Qd3 e6 12. Qe3 Ba6 13. Rd1 Bxe2 14. Qxe2 cxd4 15. cxd4 Qd7 16. d5 exd5 17. exd5 Qa4 18. Bg5 Nd7 19. Be7 Rfe8 20. d6 Rac8 21. Rbc1 Rc6 22. h4 Rec8 23. Rxc6 Qxc6 24. Qa6 Ra8 25. h5 Qc8 26. Qd3 Qc6 27. hxg6 hxg6 28. Ng5 Bh6 29. Ne4 Bg7 30. Qh3 Qxe4 31. Qxd7 Qe2 32. Qa4 b5 33. Qb3 Bd4 34. Qf3 Bxf2+ 35. Qxf2 Qxd1+ 36. Kh2 Qh5+ 37. Kg3 Rc8 38. Qe3 Qf5 39. Qf3 Qe5+ 40. Kf2 Rc2+ 0-1

[Event "Montreal Maitres-A"]
[Site "Montreal CAN"]
[Date "2005.10.16"]
[Round "5"]
[White "McDonough, Jonathan"]
[Black "Larochelle, Martial"]
[Result "1-0"]
[WhiteElo "2192"]
[BlackElo "2143"]
[PlyCount "77"]
[GameId "2160767910834340"]
[EventDate "2005.10.14"]
[EventType "tourn"]
[EventRounds "5"]
[EventCountry "CAN"]
[SourceTitle "EXT 2009"]
[Source "ChessBase"]
[SourceDate "2008.11.26"]
[SourceVersion "1"]
[SourceVersionDate "2008.11.26"]
[SourceQuality "1"]

1. d4 Nf6 2. c4 g6 3. Nc3 d5 4. cxd5 Nxd5 5. e4 Nxc3 6. bxc3 Bg7 7. Nf3 c5 8. Rb1 O-O 9. Be2 b6 10. O-O Bb7 11. Qd3 Ba6 12. Qe3 Bxe2 13. Qxe2 e6 14. Rd1 Nd7 15. Bg5 Qc7 16. Qe3 Rfe8 17. h4 Rac8 18. h5 cxd4 19. cxd4 Qc3 20. hxg6 hxg6 21. Rbc1 Qxe3 22. Bxe3 Nf6 23. Nd2 Ng4 24. Kf1 Rxc1 25. Rxc1 Rd8 26. Nf3 Rd7 27. Rc8+ Bf8 28. Bf4 f6 29. Rc6 Kf7 30. Ke2 Be7 31. Bg3 b5 32. Ra6 Bb4 33. Bb8 Rd8 34. Rxa7+ Kf8 35. Rb7 Bc3 36. Rxb5 Bxd4 37. Nxd4 Rxd4 38. f3 Nh6 39. Rb4 1-0

[Event "Montreal Maitres-A"]
[Site "Montreal CAN"]
[Date "2005.10.16"]
[Round "5"]
[White "Tremblay, Rejean"]
[Black "Bachand-Fleurent, Julien"]
[Result "1-0"]
[WhiteElo "2198"]
[BlackElo "2244"]
[PlyCount "53"]
[GameId "2160767910834341"]
[EventDate "2005.10.14"]
[EventType "tourn"]
[EventRounds "5"]
[EventCountry "CAN"]
[SourceTitle "EXT 2009"]
[Source "ChessBase"]
[SourceDate "2008.11.26"]
[SourceVersion "1"]
[SourceVersionDate "2008.11.26"]
[SourceQuality "1"]

1. d4 d5 2. c4 c6 3. Nf3 e6 4. e3 Nf6 5. Nc3 Bd6 6. g4 Nxg4 7. Rg1 Nxh2 8. Nxh2 Bxh2 9. Rxg7 Qf6 10. Rg2 Bc7 11. Qc2 Ba5 12. Bd2 Bxc3 13. Bxc3 b6 14. O-O-O Bb7 15. Kb1 Nd7 16. cxd5 exd5 17. e4 O-O-O 18. exd5 cxd5 19. Bd2+ Qc6 20. Qxc6+ Bxc6 21. Ba6+ Bb7 22. Rc1+ Kb8 23. Bf4+ Ka8 24. Bxb7+ Kxb7 25. Rc7+ Ka8 26. Rg7 Rhg8 27. Rxg8 1-0

[Event "Montreal Maitres-B"]
[Site "Montreal CAN"]
[Date "2005.10.14"]
[Round "1"]
[White "Libersan, Thierry"]
[Black "Poirier, Erik"]
[Result "1-0"]
[WhiteElo "2117"]
[BlackElo "2096"]
[PlyCount "65"]
[GameId "2160767910834343"]
[EventDate "2005.10.14"]
[EventType "tourn"]
[EventRounds "5"]
[EventCountry "CAN"]
[SourceTitle "EXT 2009"]
[Source "ChessBase"]
[SourceDate "2008.11.26"]
[SourceVersion "1"]
[SourceVersionDate "2008.11.26"]
[SourceQuality "1"]

1. e4 c5 2. Nf3 Nc6 3. Nc3 Nf6 4. Bb5 g6 5. O-O Bg7 6. Re1 O-O 7. Bxc6 dxc6 8. h3 Qc7 9. d3 e5 10. b3 Re8 11. a4 Nd7 12. Bb2 Nf8 13. Ne2 b6 14. Nd2 Ne6 15. Nc4 Ba6 16. Ne3 Rad8 17. g3 Bc8 18. Kg2 Ng5 19. f3 Bxh3+ 20. Kf2 Bc8 21. Rh1 f5 22. exf5 gxf5 23. Qc1 Qe7 24. Rh5 h6 25. Ng2 e4 26. fxe4 fxe4 27. Nef4 exd3 28. cxd3 Bg4 29. Rh4 Bf5 30. Bxg7 Qxg7 31. Qc4+ Be6 32. Nxe6 Nxe6 33. Rg4 1-0

[Event "Montreal Maitres-B"]
[Site "Montreal CAN"]
[Date "2005.10.15"]
[Round "3"]
[White "Libersan, Thierry"]
[Black "Dupuis, Stephane"]
[Result "0-1"]
[WhiteElo "2117"]
[BlackElo "2137"]
[PlyCount "58"]
[GameId "2160767910834348"]
[EventDate "2005.10.14"]
[EventType "tourn"]
[EventRounds "5"]
[EventCountry "CAN"]
[SourceTitle "EXT 2009"]
[Source "ChessBase"]
[SourceDate "2008.11.26"]
[SourceVersion "1"]
[SourceVersionDate "2008.11.26"]
[SourceQuality "1"]

1. e4 e5 2. Nf3 Nc6 3. Bb5 f5 4. d4 fxe4 5. Nxe5 Nxe5 6. dxe5 c6 7. Be2 Qa5+ 8. Bd2 Qxe5 9. Bc3 Qg5 10. Bh5+ Kd8 11. O-O d5 12. Re1 Bh3 13. g3 Kc7 14. Bd2 Qf6 15. c4 Rd8 16. cxd5 cxd5 17. Nc3 b6 18. Qa4 Kb7 19. Be2 Bc5 20. Be3 Bxe3 21. fxe3 Ne7 22. Rac1 Rhf8 23. Qa6+ Kb8 24. Bf1 Qf2+ 25. Kh1 Bg4 26. Bg2 Bf3 27. Bxf3 exf3 28. Rg1 Rd6 29. Qf1 Qxb2 0-1

[Event "Montreal Maitres-B"]
[Site "Montreal CAN"]
[Date "2005.10.16"]
[Round "4"]
[White "Dupuis, Stephane"]
[Black "Poirier, Erik"]
[Result "1-0"]
[WhiteElo "2137"]
[BlackElo "2096"]
[PlyCount "49"]
[GameId "2160767910834351"]
[EventDate "2005.10.14"]
[EventType "tourn"]
[EventRounds "5"]
[EventCountry "CAN"]
[SourceTitle "EXT 2009"]
[Source "ChessBase"]
[SourceDate "2008.11.26"]
[SourceVersion "1"]
[SourceVersionDate "2008.11.26"]
[SourceQuality "1"]

1. e4 c5 2. Nf3 Nc6 3. d4 cxd4 4. Nxd4 Nf6 5. Nc3 e5 6. Ndb5 d6 7. a4 a6 8. Na3 Be7 9. Bc4 Be6 10. Bg5 Nxe4 11. Nxe4 d5 12. Bxe7 Kxe7 13. Qh5 dxc4 14. O-O f6 15. Rad1 Qc7 16. Nd6 Nd4 17. Ne4 Rad8 18. f4 exf4 19. Rfe1 g6 20. Qc5+ Qxc5 21. Nxc5 Ne2+ 22. Kf2 Rxd1 23. Rxd1 f3 24. Nxe6 Kxe6 25. Kxf3 1-0

[Event "Montreal Maitres-B"]
[Site "Montreal CAN"]
[Date "2005.10.16"]
[Round "4"]
[White "Ye, Ling Feng"]
[Black "Libersan, Thierry"]
[Result "1/2-1/2"]
[WhiteElo "2051"]
[BlackElo "2117"]
[PlyCount "59"]
[GameId "2160767910834353"]
[EventDate "2005.10.14"]
[EventType "tourn"]
[EventRounds "5"]
[EventCountry "CAN"]
[SourceTitle "EXT 2009"]
[Source "ChessBase"]
[SourceDate "2008.11.26"]
[SourceVersion "1"]
[SourceVersionDate "2008.11.26"]
[SourceQuality "1"]

1. e4 c5 2. Nf3 d6 3. d4 cxd4 4. Nxd4 Nf6 5. Nc3 a6 6. Be3 e5 7. Nb3 Be6 8. f4 exf4 9. Bxf4 Nc6 10. Qd2 Qc7 11. O-O-O Ne5 12. Nd4 Be7 13. Bg5 Rd8 14. Nf5 Bxf5 15. exf5 Qa5 16. Kb1 d5 17. Bxf6 Bxf6 18. Nxd5 Qxd2 19. Rxd2 Bg5 20. Rd1 O-O 21. Be2 Nc6 22. h4 Ne7 23. hxg5 Nxd5 24. Bf3 Ne3 25. Rxd8 Rxd8 26. Bxb7 a5 27. Be4 Re8 28. Bd3 Nxg2 29. a3 Nf4 30. Rh4 1/2-1/2